| 000 | 00946cam a22003131 4500 | ||
|---|---|---|---|
| 001 | 21203 | ||
| 003 | BD-RjUL | ||
| 005 | 20211209000647.0 | ||
| 008 | 140303s19541933enk 000 0 eng d | ||
| 035 | _a(BD-RJUL)21267 | ||
| 035 | _a(OCoLC)ocm15864882 | ||
| 035 | _a(CStRLIN)NYCG89-B25217 | ||
| 035 | _a(BD-RjUL) | ||
| 035 | _a(NNC)726076 | ||
| 040 |
_aNNC _cNNC _beng |
||
| 041 | _aeng | ||
| 082 | _bJOE 1954 | ||
| 100 | 1 |
_aJones, Phyllis M., _965533 |
|
| 245 | 1 | 0 |
_aEnglish critical essays, twentieth century / _cselected with an introduction by Phyllis M. Jones. |
| 260 |
_aLondon : _bOxford University Press, H. Milford, _c1954. |
||
| 300 |
_axv, 399 p. ; _c16 cm. |
||
| 490 | 1 | _aThe World's classics. 405 | |
| 650 | 0 |
_aEnglish literature _xHistory and criticism. _965534 |
|
| 650 | 0 |
_aCriticism. _965535 |
|
| 650 | 0 |
_aEnglish essays. _965536 |
|
| 830 | 0 |
_v405. _965542 |
|
| 830 | 0 |
_aWorld's classics ; _965543 |
|
| 942 |
_2ddc _cBK |
||
| 999 |
_c21203 _d21203 |
||